00352 a2200121 450000100060000010000150000624500350002126000310005609000170008794200230010499900190012795200840014637955 aLynch U M aThe politics of untouchability aUSAbColumbia Universityc c24134d24134 aNUST-CAEcMc15708 c273028d273028 001040708NFICaCAEbCAEd2017-04-03l0pCAE69259r2017-04-05w2017-04-05yBK